000
00365nam a2200157Ia 4500
008
151213s9999 xx 000 0 und d
100
_a
Humphreys
245
_a
Notes of Robinson Crusoe
_c
Humphreys
250
_a
1st
260
_a
Honkong
_b
Long man
_c
1986
300
_a
2492 p.
650
_a
English
650
_a
English
700
_a
Humphreys
999
_c
1707
_d
1707